Explorácia slabých miest kontrolného systému vo vybranom podniku bakalárska práca

Na minha lista:
Detalhes bibliográficos
Autor principal: Holubová, Tatiana
Autor Corporativo: Fakulta podnikového manažmentu EU. Katedra manažmentu
Outros Autores: Mišún, Juraj, 1978-
Formato: Livro
Idioma:eslovaco
Publicado em: Bratislava 2020
Tags: Adicionar Tag
Sem tags, seja o primeiro a adicionar uma tag!

MARC

LEADER 00000nbm a2200000 4500
001 0265942
005 20201127095537.9
041 0 |a slo 
044 |a SK 
245 1 0 |a Explorácia slabých miest kontrolného systému vo vybranom podniku  |b bakalárska práca  |c Tatiana Holubová ; školiteľ: Juraj Mišún 
264 1 |a Bratislava  |c 2020 
300 |a 48 s. 
100 1 |a Holubová, Tatiana 
700 1 |a Mišún, Juraj, 1978- 
710 2 |a Fakulta podnikového manažmentu EU. Katedra manažmentu